000 00556nam a2200157 a 4500
001 000026378
005 20200930024537.0
008 110315s1999 dr 000 0 spa d
040 _aDO-SdBNP
_bspa
_cBNPHU
100 1 _aTirado, Raimundo
_953406
245 1 0 _aEsencia del pensamiento ideológico del Dr. José Francisco Peña Gómez :
_bla tesis del gobierno compartido /
_cRaimundo Tirado.
260 _aSanto Domingo :
_b[s.n.],
_c1999.
300 _a47 p. ;
_c23 cm.
500 _aIncluye datos biográficos del autor en la contracubierta
049 _aBNPD
999 _c25870
_d25870